| 000 | 00954nam a2200229 i 4500 | ||
|---|---|---|---|
| 001 | 170267 | ||
| 003 | ES-MaACL | ||
| 005 | 20250618143403.0 | ||
| 008 | 090218s1816 fr |||| | fre d | ||
| 080 | _a78.089.1 | ||
| 100 | 1 |
_aThéaulon, Emmanuel. _9139009 |
|
| 245 | 1 | 3 |
_aLa bataille de Dénain _b: opéra-comique en trois actes / _cparoles de MM. Théaulon, Dartois et Fulgence [de Bury]... ; musique de M. Catrufo. |
| 260 |
_aParis : _bBarba, _c1816. |
||
| 300 |
_a80 p. ; _c20 cm. |
||
| 500 | _a"Représenté, pour la première fois, sur le Théâtre Royal de l'Opéra-Comique, le 24 août 1816, par les Comédiens ordinaires de Sa Majesté." | ||
| 650 | 1 | 4 |
_aOperetas- _vLibretos. _9139352 |
| 700 | 1 |
_aArtois, Armand d', _d1788-1867 _923493 |
|
| 700 | 1 |
_aBury, Fulgence de ( _d17..-1845) _9149855 |
|
| 700 | 1 |
_aCatrufo, Gioseffo. _9139471 |
|
| 852 |
_aES-MaACL _j2248-F-5 _z.- Biblioteca Jacinto Martínez Lacalle |
||
| 999 |
_c170267 _d170267 |
||